| 000 | 00343nam a2200133 a 4500 | ||
|---|---|---|---|
| 001 | 4116 | ||
| 003 | CDMR | ||
| 005 | 20130116135251.0 | ||
| 008 | 130130s1970||||||||||||||||||||||||||||d | ||
| 040 |
_aCDMR _bcat _cCPC GIRONA |
||
| 245 | 0 |
_aAnuario prensa espaƱola 1970 (Tomo I) _cVaris |
|
| 260 |
_c1970 _bMinisteri Informació i Turisme |
||
| 942 | _cMON | ||
| 999 |
_c4116 _d4116 |
||